Act against land lords setting of houses to un-free persons ; and also, An act for the purging the city of vagabonds and beggers.

Bibliographic Details
Corporate Author: Edinburgh (Scotland). Town Council
Format: Microform Book
Language:English
Series:Early English books, 1641-1700 ; 848:25.
Subjects:

MARC

Tag First Indicator Second Indicator Subfields
LEADER 00000cam a2200000 a 4500
001 in00000952313
005 20150926130132.0
007 hd afv|||baca
008 860609s1685 miu al 00000 eng d
035 |a (OCoLC)13708820 
035 |9 AET4032AM 
037 |a CL0037000026  |b UMI 
037 |b University Microfilms International, 300 N. Zeeb Rd., Ann Arbor, MI 48106 
040 |a EAA  |c EAA  |d m/c  |d EAA  |d UMI  |d UtOrBLW 
043 |a e-uk-st 
049 |a TXAI 
099 |a film   |a  B   |a  3609 
110 1 |a Edinburgh (Scotland).  |b Town Council. 
245 1 0 |a Act against land lords setting of houses to un-free persons ; and also, An act for the purging the city of vagabonds and beggers. 
264 3 |a Edinburgh :  |b Printed by the heir of Andrew Anderson, printer to His Most Sacred Majesty ...,  |c 1685. 
300 |a 1 sheet (1 unnumbered page) 
336 |a text  |b txt  |2 rdacontent 
337 |a microform  |b h  |2 rdamedia 
338 |a microfilm reel  |b hd  |2 rdacarrier 
500 |a "This may be reprinted at London; R.L.S. November 13th, by D. Mallet, 1685." 
500 |a Reproduction of original in Huntington Library. 
510 4 |a Wing  |c S1026A 
533 |a Microfilm.  |b Ann Arbor, Mich. :  |c University Microfilms International,  |d 1978.  |e 1 microfilm reel ; 35 mm.  |f (Early English books, 1641-1700 ; 848:25) 
500 |a Microform. 
650 0 |a Beggars  |z Scotland  |z Edinburgh  |x Law and legislation. 
650 0 |a Public welfare  |x Law and legislation  |z Scotland  |z Edinburgh. 
650 0 |a Landlord and tenant  |z Scotland  |z Edinburgh  |x Law and legislation. 
655 7 |a Broadsides  |z Scotland  |z Edinburgh  |y 17th century.  |2 rbgenr 
740 3 |a An act for the purging the city of vagabonds and beggers. 
830 0 |a Early English books, 1641-1700 ;  |v 848:25. 
999 |a MARS 
999 f f |s a4d324c5-d3e9-368f-ab59-df57c5286e5d  |i adfc99ce-cb78-30e7-b069-cb4ecdaacd46  |t 0 
952 f f |p default  |a Texas A&M University  |b College Station  |c Sterling C. Evans Library  |d Evans: Microforms (3rd floor)  |t 0  |e film B 3609 848:25  |h Other scheme  |i microform -- microfilm reel 
998 f f |a film B 3609 848:25  |t 0  |l Evans: Microforms (3rd floor)